000 00277 a2200121 4500
001 146998
040 _cEscola São Tomás de Aquino
100 _aBANDEIRA, Pedro
240 1 0 _aA pequena bruxa
_lpor
245 1 0 _aA pequena bruxa
697 _a*LITERATURA INFANTO
942 _cBK
999 _c146998
_d146998